00508nam a2200193Ia 4500008004100000020001500041020002200056041000800078082001900086100002100105245004400126250000800170260003800178300000800216365001400224650003900238700001900277700001800296140306s9999 xx 000 0 und d a8131512061 a978-81-315-1206-7 aeng a658.15bALE/GL aAlexander, David aGlobal Financial Reporting and analysis a1st aNew DelhibCengage Learningc2007 a730 bRs. 499/- aInternational Acounting Differnces aBritton, Annie aJorissen, Ann